LEADER 02147nam 2200637Ia 450 001 9910455753803321 005 20200520144314.0 010 $a0-292-79915-2 035 $a(CKB)111090425017230 035 $a(OCoLC)55889846 035 $a(CaPaEBR)ebrary10190649 035 $a(SSID)ssj0000171929 035 $a(PQKBManifestationID)11155786 035 $a(PQKBTitleCode)TC0000171929 035 $a(PQKBWorkID)10133223 035 $a(PQKB)10280439 035 $a(MiAaPQ)EBC3443067 035 $a(MdBmJHUP)muse19329 035 $a(Au-PeEL)EBL3443067 035 $a(CaPaEBR)ebr10190649 035 $a(EXLCZ)99111090425017230 100 $a19990426d2000 ub 0 101 0 $aeng 135 $aurcn||||||||| 181 $ctxt 182 $cc 183 $acr 200 10$aHistory and silence$b[electronic resource] $epurge and rehabilitation of memory in late antiquity /$fCharles W. Hedrick, Jr 205 $a1st ed. 210 $aAustin $cUniversity of Texas Press$d2000 215 $a1 online resource (367 p.) 300 $aBibliographic Level Mode of Issuance: Monograph 311 $a0-292-73121-3 320 $aIncludes bibliographical references (p. [301]-320) and indexes. 606 $aInscriptions, Latin$zItaly$zRome 606 $aPalimpsests$zItaly$zRome 606 $aMemory$xSocial aspects$zItaly$zRome$xHistory 606 $aMonuments$xConservation and restoration$zItaly$zRome$xHistory 606 $aElite (Social sciences)$zItaly$zRome$xHistoriography 607 $aForum of Trajan (Rome, Italy) 607 $aRome$xPolitics and government$y284-476$xHistoriography 608 $aElectronic books. 615 0$aInscriptions, Latin 615 0$aPalimpsests 615 0$aMemory$xSocial aspects$xHistory. 615 0$aMonuments$xConservation and restoration$xHistory. 615 0$aElite (Social sciences)$xHistoriography. 676 $a937 700 $aHedrick$b Charles W.$f1956-$0223483 801 0$bMiAaPQ 801 1$bMiAaPQ 801 2$bMiAaPQ 906 $aBOOK 912 $a9910455753803321 996 $aHistory and silence$9708425 997 $aUNINA